| 000 | 00742nam a2200229 a 4500 | ||
|---|---|---|---|
| 003 | DO-SdBNP | ||
| 005 | 20221020155541.0 | ||
| 007 | ta | ||
| 008 | 221020b200? dr ao||gr||||s00| 0 spa d | ||
| 040 |
_aDO-SdBNP _bspa _cBNPHU |
||
| 082 | 4 |
_222 _bP832u |
|
| 245 | 0 | 0 | _aTaller de sensibilización ambiental |
| 260 |
_aSan Crsitóbal : _bOGS, _c[200?] |
||
| 300 |
_a[7] p. ; _bil., fotograf. _c21 cm. |
||
| 500 | _aPor un planeta vivo, un San Cristóbal verde. | ||
| 590 | _aInventariado 2022 / MF | ||
| 650 | 4 |
_975341 _aCapacitación ambiental _vProgramas |
|
| 650 |
_aEstudios y reflexiones _982561 _xMedio ambiente |
||
| 710 | 1 |
_936840 _aRepública Dominicana. _bOficina Nacional de Gestión Senatorial |
|
| 910 | _aMFeliz | ||
| 942 |
_2ddc _cLF2 |
||
| 999 |
_c52603 _d52603 |
||